000
00327nam a2200145Ia 4500
003
OSt
005
20231230054025.0
008
170524s9999 xx 000 0 und d
020
_a
8176253294
040
_c
IIMT UNIVERSITY
100
_a
mark galer
245
0
_a
fundamental for art design
260
_b
oxford
942
_2
ddc
_c
02
999
_c
9180
_d
9180